5-Letter Blitz Quiz Stats

Quiz Updated Nov 16, 2017

Also try: 7-Letter Blitz
Challenge
Share
Tweet
Embed
Score 0/40 Timer 05:00
3 Plays Today
Category 5-Letter Word % Correct
PlanetsEarth, Venus
97.4%
MonthsApril, March
95.7%
US PresidentsObama, Nixon, Adams...
89.1%
US StatesIdaho, Maine, Texas
89%
Written-Out NumbersThree, Eight, Fifty...
87.6%
Greek AlphabetAlpha, Delta, Omega...
85.2%
Snow White's 7 DwarfsDopey, Happy
85.1%
CountriesChina, India, Japan...
84.1%
ReindeerVixen, Comet, Cupid
82.8%
Original 64 CrayolaGreen, White, Sepia...
75.9%
Human BonesFemur, Tibia, Incus...
75.1%
Zodiac SignsLibra, Virgo, Aries
72.8%
Vampire SlayersBuffy, Faith, Blade
70.2%
Weasleys in HPMolly, Percy, Ginny...
69.6%
Euro-Replaced CurrenciesFranc, Tolar, Pound...
67.2%
NBA TeamsBulls, Hawks, Spurs...
66.2%
ElementsBoron, Argon, Xenon, Radon
66.2%
World CapitalsParis, Tokyo, Cairo...
64.9%
12 Major Roman GodsPluto, Diana, Venus...
63.7%
French KingsLouis, Henri, Pepin
63%
Category 5-Letter Word % Correct
Brady Bunch childrenCindy, Peter, Bobby
62.5%
NFL TeamsBills, Bears, Colts, Lions
62%
British Prime MinistersMajor, Blair, Brown...
60.4%
James Bond ActorsMoore, Craig, Niven
55.5%
Chinese ZodiacTiger, Snake, Horse, Sheep
55.4%
Animated Disney FilmsBambi, Dumbo, Mulan, WALL•E...
53.1%
NHL TeamsDucks, Kings, Stars, Blues
48.7%
X-MenStorm, Rogue, Beast...
46.9%
US CapitalsDover, Boise, Salem
45.1%
Pope namesPeter, Felix, Urban...
40.9%
Oscar Best PicturesCrash, Rocky, Marty, Wings
36.3%
Madonna SinglesVogue, Music, Sorry...
35.8%
Old Testament BooksMicah, Hosea, Jonah...
35.4%
English CountiesDevon, Essex
25.9%
UN Secretaries GeneralAnnan, Thant
20.3%
Monty Python MembersJones, Palin
19.5%
AKC Dog BreedsAkita, Boxer, Plott
15.3%
Pokémon (Gen 1)Ditto, Golem, Hypno...
14.9%
Literature NobelistsYeats, Eliot, Hesse...
11.2%
Canterbury Tales PilgrimsFriar, Reeve, Clerk
5.2%

You're not logged in!

Compare scores with friends on all Sporcle quizzes.
Sign Up with Email
OR
Log In

You Might Also Like...

Show Comments

Extras

Top Quizzes Today


Score Distribution

Your Account Isn't Verified!

In order to create a playlist on Sporcle, you need to verify the email address you used during registration. Go to your Sporcle Settings to finish the process.